000 00528nam a2200205Ia 4500
003 OSt
005 20140402112652.0
008 140130s9999 xx 000 0 und d
020 _a0590451596
050 _aKF 4541.Z9
_b.L48 1992
100 _aLevy, Elizabeth
245 _cElizabeth Levy.
_aIf you were then when they signed the constitution /
260 _bScholastic,
_c1992.
_aUSA :
300 _a80 p. :
_bcol. ill. ;
_c19 cm.
440 _v1
521 _aG6
526 _c810
942 _cBK
_2lcc
999 _c41179
_d41179